000
00266nam a2200109Ia 4500
008
190216s9999||||xx |||||||||||||| ||und||
100
_a
Dr.Sabidanand Divedi
245
0
_a
Hindi-Hindi Nagari Lipi Va Ank
260
_b
Prasar Prakashan
650
_a
Hindi
942
_c
BK
999
_c
16329
_d
16329